000
00347nam a2200145Ia 4500
008
230511s1998 xx 000 0 und d
041
_a
eng
082
_a
345.067
100
_a
Bansal B L
245
_a
Medical Jurisprudence
250
_a
1st
260
_a
Nagpur
_b
Nagpur Law House
_c
1998
300
_a
652
906
_a
Medical Jurisprudence
999
_c
345079
_d
345079